00573nam a22001577a 4500003000400000082001800004100002000022245013700042260004400179300000700223650002400230653002400254942001200278952010800290999001700398SGT a617.645bA23S aJain, Shreyansh aAssessing different obturating materials utilizing navitip with double sideport system in primary molarsbA randomized control trial aGurugram, HaryanabSGT Universityc2023 a61 aPediatric Dentistry aPediatric Dentistry 2ddccTH 00102ddc405171aFDbFDd2023-01-28iSGTUo617.645 A23SpDT1476r2023-01-28 00:00:00w2023-01-28yTH c23739d23739